Các tội xâm phạm hoạt động tư pháp
v.v...
Đã lưu trong:
| Tác giả chính: | |
|---|---|
| Định dạng: | Sách |
| Năm xuất bản: |
H.
Chính trị Quốc gia
1997
|
| Phiên bản: | In lần thứ 2 có sửa chữa |
| Chủ đề: | |
| Tags: |
Thêm thẻ
Không có thẻ, Hãy là người đầu tiên gắn thẻ bản ghi này!
|
| LEADER | 01381nam a2200253 4500 | ||
|---|---|---|---|
| 082 | |a 345.59703 |b PH104TH | ||
| 100 | |a Phạm Thanh Bình | ||
| 245 | |a Các tội xâm phạm hoạt động tư pháp |c Phạm Thanh Bình, Nguyễn Vạn Nguyên | ||
| 250 | |a In lần thứ 2 có sửa chữa | ||
| 260 | |a H. |b Chính trị Quốc gia |c 1997 | ||
| 300 | |a 279 tr. |c 19 cm | ||
| 520 | |a v.v... | ||
| 653 | |a Pháp luật | ||
| 653 | |a Việt Nam | ||
| 653 | |a Luật hình sự | ||
| 653 | |a tội xâm phạm | ||
| 653 | |a tư pháp | ||
| 942 | |2 ddc |c STK0 | ||
| 999 | |c 9554 |d 9554 | ||
| 952 | |0 0 |1 0 |2 ddc |4 0 |6 345_597030000000000_PH104TH |7 0 |8 300 |9 76166 |a qbu |b qbu |c D2 |d 2015-05-25 |g 18500 |o 345.59703 PH104TH |p 9648.c1 |r 0000-00-00 |w 2015-05-25 |y STK0 | ||
| 952 | |0 0 |1 0 |2 ddc |4 0 |6 345_597030000000000_PH104TH |7 0 |8 300 |9 76167 |a qbu |b qbu |c D2 |d 2015-05-25 |g 18500 |o 345.59703 PH104TH |p 9648.c2 |r 0000-00-00 |w 2015-05-25 |y STK0 | ||
| 952 | |0 0 |1 0 |2 ddc |4 0 |6 345_597030000000000_PH104TH |7 0 |8 300 |9 76168 |a qbu |b qbu |c D2 |d 2015-05-25 |g 18500 |o 345.59703 PH104TH |p 9648.c3 |r 0000-00-00 |w 2015-05-25 |y STK0 | ||
| 952 | |0 0 |1 0 |2 ddc |4 0 |6 345_597030000000000_PH104TH |7 0 |8 300 |9 76169 |a qbu |b qbu |c D2 |d 2015-05-25 |g 18500 |o 345.59703 PH104TH |p 9648.c4 |r 0000-00-00 |w 2015-05-25 |y STK0 | ||
| 952 | |0 0 |1 0 |2 ddc |4 0 |6 345_597030000000000_PH104TH |7 0 |8 300 |9 76170 |a qbu |b qbu |c D2 |d 2015-05-25 |g 18500 |o 345.59703 PH104TH |p 9648.c5 |r 0000-00-00 |w 2015-05-25 |y STK0 | ||